000 00461nam a2200181Ia 4500
001 16414
005 20260306170307.0
008 260306t2006||||xx |||||||||||||| ||und||
041 _aESP
082 _a348.6
_bA68
100 _aArce Ortiz, Elmer
_eAUT
245 0 _aSubcontratación entre empresas y relación de trabajo en el Perú
260 _c2006
300 _a125 páginas :
_c20 cm.
650 _aGEN
654 _aCDE
942 _cLIB
_dJUS
_fJUS
_2ddc
_n
999 _c16414
_d16414